000 00284nam a22001097a 4500
008 230522b |||||||| |||| 00| 0 eng d
082 _a362.2
100 _aWorld Health Organization
245 _aReducing harm from alcohol use:
_bgood practices
300 _a90 p.
_c24 cm
942 _2ddc
999 _c9592
_d9593